| 000 | 01028nam a2200289Ia 4500 | ||
|---|---|---|---|
| 003 | OSt | ||
| 005 | 20221007123339.0 | ||
| 006 | a|||||r|||| 00| 0 | ||
| 007 | ta | ||
| 008 | 221006b |||||||| |||| 00| 0 eng d | ||
| 020 |
_a8178080060 (pbk) _cRs.275.00 |
||
| 024 | _a8623 | ||
| 037 |
_bN R Book, _cTextual |
||
| 040 |
_aPAPL _cPAPL _beng |
||
| 041 |
_2eng _aeng |
||
| 082 | _aCN1, M5;N4 | ||
| 100 | _aSakurai J J | ||
| 245 | 0 | _aModern quantum mechanics by J J Sakurai.Ed by San Fu Tuan | |
| 250 | _aRevised edition | ||
| 260 |
_aSingapore _bPearson Education Asia _c1994 |
||
| 300 |
_ax,500p _ccm. |
||
| 500 | _aAppendix A-C, 446-463p; Bibliography 487-489p; Index 491-500p; ^n23/CSL/CARPA/2001-2002/360^d2001-10-07^mPurchase; ; 2001-2002/235^b2001-10-23^c059/01^d2001-10-10^eRs.1,476.00^fN R Book Distributors; ; 2002-01-09^bSB^c2003-01-02^dRPS | ||
| 650 | _a Quantum mechanics | ||
| 650 | _aPhysics | ||
| 942 |
_hCN1, M5;N4 _cTEXL _2CC |
||
| 999 |
_c1211725 _d1211725 |
||